Все стенды из "Невероятных приключений ДжоДжо" (3-9 части) - Statistics

General Stats
  • This quiz has been taken 40 times
    5 since last reset
  • The average score is 64 of 170
Answer Stats
Обладатель(-и) стенда Стенд % Correct
Джозеф Джостар Hermit Purple
100%
Мухаммед Абдул Magician's Red
100%
Жан-Пьер Польнарефф Silver Chariot
100%
Дзётаро Кудзё Star Platinum
100%
Наранча Гирга Aerosmith
75%
Кэйтё Нидзимура Bad Company
75%
Жан-Пьер Польнарефф Chariot Requiem
75%
Энрико Пуччи C-Moon
75%
Дзёсукэ Хигасиката Crazy Diamond
75%
Самозванец-капитан Теннилл Dark Blue Moon
75%
Фанни Валентайн Dirty Deeds Done Dirt Cheap
75%
Коити Хиросэ Echoes
75%
Хол Хорс Emperor
75%
Рохан Кисибэ Heaven's Door
75%
Рохан Кисибэ (АВ) Heaven's Door (АВ)
75%
Нориаки Какёин Hierophant Green
75%
Эния Гейл Justice
75%
Ёсикагэ Кира Killer Queen
75%
Ёсикагэ Кира (АВ) Killer Queen (AB)
75%
Дьяволо/Винегар Доппио King Crimson
75%
Эрмес Костелло Kiss
75%
Стили Дэн Lovers
75%
Энрико Пуччи Made in Heaven
75%
Ризотто Неро Metallica
75%
Тонио Труссарди Pearl Jam
75%
Паннакотта Фуго Purple Haze
75%
Гвидо Миста Sex Pistols
75%
Триш Уна Spice Girl
75%
Бруно Буччеллати Sticky Fingers
75%
Джолин Куджо Stone Free
75%
Игги The Fool
75%
Окуясу Нидзимура The Hand
75%
Дио Брандо The World
75%
Диего Брандо из параллельного мира The World (AB)
75%
Грэй Флай Tower of Gray
75%
Джонни Джостар Tusk
75%
Энрико Пуччи Whitesnake
75%
Караван Серай, Чака, Кан, Жан-Пьер Польнарефф Anubis
50%
Теленс Т. Д'Арби Atum
50%
Мелоне Baby Face
50%
Джайро Цеппели Ball Breaker
50%
Мэрайя Bastet
50%
Пеши Beach Boy
50%
Кэн Оянаги Boy II Man
50%
Эмпорио Альниньо Burning Down the House
50%
Масадзо Киното, Рохан Кисибэ Cheap Trick
50%
Ванилла Айс Cream
50%
Мэниш Бой Death 13
50%
Нарцисо Анасуй Diver Down
50%
Дэво Ebony Devil
50%
Нэна Empress
50%
Тэруносукэ Миямото Enigma
50%
Foo Fighters Foo Fighters
50%
Эн'Доул Geb
50%
Джорно Джованна Gold Experience
50%
Джорно Джованна Gold Experience Requiem
50%
Гвесс Goo Goo Dolls
50%
Чоколатта Green Day
50%
Джей Гейл Hanged Man
50%
Поколоко Hey Ya!
50%
Мидлер High Priestess
50%
Пэт Шоп Horus
50%
Миучча Миуллер Jail House Lock
50%
Сале Kraft Work
50%
Формаджо Little Feet
50%
Юкако Ямагиси Love Deluxe
50%
Джонгалли Эй Manhattan Transfer
50%
Иллюзо Man in the Mirror
50%
Леоне Аббаккио Moody Blues
50%
Коко Джамбо Mr. President
50%
Джодио Джостар November Rain
50%
Секко Oasis
50%
Дэниел Дж. Д'Арби Osiris
50%
Акира Отоиси Red Hot Chili Pepper
50%
Сколиппи Rolling Stones
50%
Диего Брандо Scary Monsters
50%
Марио Цуккеро Soft Machine
50%
Дзёсукэ Хигасиката (АВ)/Дзёсэфуми Кудзё Soft & Wet
50%
Форевер Strength
50%
Арабия Фэтс Sun
50%
Тоёхиро Канэдаити Super Fly
50%
Тосикадзу Хадзамада Surface
50%
Гуччио Survivor
50%
Кенни Джи Tenore Sax
50%
Прошутто The Grateful Dead
50%
Тамами Кобаяси The Lock
50%
Боинго Tohth
50%
Уэзер Репорт Weather Report
50%
Зи Зи Wheel of Fortune
50%
Гьяччо White Album
50%
Тору Wonder of U
50%
Раббер Соул Yellow Temperance
50%
Сидзука Джостар Achtung Baby
25%
Андзюро Катагири Aqua Necklace
25%
Ёсихиро Кира Atom Heart Father
25%
Польпо Black Sabbath
25%
Унгало Bohemian Rhapsody
25%
Блэкмор Catch the Rainbow
25%
Ая Цудзи Cinderella
25%
Аксель РО Civil War
25%
Сквало Clash
25%
Фанни Валентайн D4C Love Train
25%
Кэндзо Dragon's Dream
25%
Микитака Хадзэкура Earth, Wind & Fire
25%
Одзиро Сасамэ Fun Fun Fun
25%
Зелёный ребёнок Green, Green Grass of Home
25%
Сигэти Янгу Harvest
25%
Юя Фунгами Highway Star
25%
Тандер МакКуин Highway to Hell
25%
Сэндмен In a Silent Way
25%
Камео Judgement
25%
Ланг Ранглер Jumpin' Jack Flash
25%
Оинго Khnum
25%
Карне Notorious B. I. G.
25%
Вивиано Уэствуд Planet Waves
25%
Мусикуи, Мусикуидэнаи Ratt
25%
Алесси Sethan
25%
Тама Stray Cat
25%
Тициано Talking Head
25%
Тамаки Дамо Vitamin C
25%
Порк Пай Хэт Wired
25%
Ди эн Джи Yo-Yo Ma
25%
Нинбо 200 Balloons
0%
Маджента Маджента 20th Century Boy
0%
Мицуба Хигасиката Awaking III Leaves
0%
Лулу Bags Groove
0%
Чармингмэн Bigmouth Strikes Again
0%
Доломити Blue Hawaii
0%
Кэй Нидзимура Born This Way
0%
Urban Guerilla Brain Storm
0%
Дайя Хигасиката California King Bed
0%
Wild Cat Size Cat Size
0%
Д-И-С-К-О Chocolate Disco
0%
Хот Панц Cream Starter
0%
Ву Томоки Doctor Wu
0%
Рай Мамэдзуку Doggy Style
0%
Айсё Дайнэндзюяма Doobie Wah!
0%
Хакка Хаулер Eclipse 8
0%
Бобби Джин Glory Days
0%
Ёцую Ягияма I Am a Rock
0%
Норисукэ Хигасиката IV King Nothing
0%
Дорога Вымогательств Les Feuilles
0%
Спортс Маккс Limp Bizkit
0%
Карэра Сакунами Love Love Deluxe
0%
Лэм Чабанг Lyin' Eyes
0%
Ринго Родэгейн Mandom
0%
Мирашон Marilyn Manson
0%
Зайхэй Нигатакэ, Дзёсю Хигасиката Milagro Man
0%
Оекомова Mi Ritmo
0%
Дзёсю Хигасиката Nut King Call
0%
Маунтейн Тим Oh! Lonesome Me
0%
Бедняжка Том Ozon Baby
0%
Ясухо Хиросэ Paisley Park
0%
Цуруги Хигасиката Paper Moon King
0%
Старший брат А. Фекс Schott Key no. 1
0%
Младший брат А. Фекс Schott Key no. 2
0%
Рикиэль Sky High
0%
Драгона Джостар Smooth Operators
0%
Каато Хигасиката Space Trucking
0%
Дзёбин Хигасиката Speed King
0%
Гигантское дерево Sugar Mountain
0%
Одиннадцать мужчин Tattoo You!
0%
Пако Лавлантес The Hustle
0%
Усаги Алохаоэ The Matte Kudasai
0%
Люси Стил Ticket to Ride
0%
Бенджамин Бум-Бум, Андре Бум-Бум, Л. А. Бум-Бум Tomb of the Boom
0%
Майк О. Tubular Bells
0%
Донателло Версас Under World
0%
Хато Хигасиката Walking Heart
0%
Ки Уэст West End Girl
0%
No matching quizzes found
Score Distribution
Percent of People with Each Score
Percentile by Number Answered
Your Score History
You have not taken this quiz since the last reset